Biblioteca y Centro de Documentación

Gran diccionario Larousse español-francés, francés español (Registro nro. 8708)

Detalles MARC
000 -CABECERA
Longitud fija campo de control 01533nam a2200397 c 4500
001 - NÚMERO DE CONTROL
Número de control 8708
003 - IDENTIFICADOR DE NÚMERO DE CONTROL
Identificador del número de control ES-MaCES
005 - FECHA Y HORA DE LA ÚLTIMA TRANSACCIÓN
Fecha y hora de la última transacción 20141221121952.0
008 - CAMPO FIJO DE DESCRIPCIÓN FIJA--INFORMACIÓN GENERAL
Códigos de información de longitud fija   990420s1998 sp b d 000 | spa d
017 ## - NÚMERO DE REGISTRO DE DERECHOS DE AUTOR Y DEPÓSITO LEGAL
Número de copyright o de depósito legal M 1040-1998
Agencia que asigna el número DL
020 ## - ISBN (INTERNATIONAL STANDARD BOOK NUMBER)
Número Internacional Normalizado para Libros (ISBN) 8480160640
035 ## - NÚMERO DE CONTROL DEL SISTEMA
Número de control del sistema CES19990005869m
040 ## - FUENTE DE CATALOGACIÓN
Centro catalogador de origen ES-MaCES
Lengua de catalogación spa
Centro transcriptor ES-MaCES
041 0# - CÓDIGO DE IDIOMA
Código de lengua del texto;banda sonora o título independiente spa
-- fre
100 1# - ENCABEZAMIENTO PRINCIPAL--NOMBRE PERSONAL
Nombre de persona García-Pelayo y Gross, Ramón
9 (RLIN) 13024
245 10 - MENCIÓN DE TÍTULO
Título Gran diccionario Larousse español-francés, francés español
Resto del título = Gran dictionnaire Larousse espagnol-français, français-espagnol
Mención de responsabilidad, etc. Ramón García-Pelayo y Gross y Jean Testas ; con la colaboración de Micheline Durand, Fernando García-Pelayo y Gross, Jean-Paul Vidal
246 3# - FORMA VARIANTE DEL TÍTULO
Título propio ; Título en breve Gran dictionnaire Larousse espagnol-français, français-espagnol
250 ## - MENCIÓN DE EDICIÓN
Mención de edición [2ª ed., reimp.]
260 ## - PUBLICACIÓN, DISTRIBUCIÓN, ETC (PIE DE IMPRENTA)
Lugar de publicación, distribución, etc. Barcelona
Nombre del editor, distribuidor, etc. Larousse
Fecha de publicación, distribución, etc. D.L. 1998
300 ## - DESCRIPCIÓN FÍSICA
Extensión 1 v. (pág. var.)
Otras características físicas map. col.
Dimensiones 29 cm
500 ## - NOTA GENERAL
Nota general Texto en español y francés
541 ## - NOTA DE LA FUENTE INMEDIANTE DE ADQUISICIÓN
Forma de adquisición Compra
650 #4 - ASIENTO SECUNDARIO DE MATERIA--TÉRMINO DE MATERIA
Término de materia o nombre geográfico como elemento inicial diccionario
9 (RLIN) 28997
650 #4 - ASIENTO SECUNDARIO DE MATERIA--TÉRMINO DE MATERIA
Término de materia o nombre geográfico como elemento inicial idioma
9 (RLIN) 30020
650 #4 - ASIENTO SECUNDARIO DE MATERIA--TÉRMINO DE MATERIA
Término de materia o nombre geográfico como elemento inicial lengua española
9 (RLIN) 30838
650 #4 - ASIENTO SECUNDARIO DE MATERIA--TÉRMINO DE MATERIA
Término de materia o nombre geográfico como elemento inicial lengua francesa
9 (RLIN) 30846
653 10 - TÉRMINO DE INDEXACIÓN--NO CONTROLADO
Término no controlado Diccionarios de idiomas
700 1# - ENCABEZAMIENTO SECUNDARIO--NOMBRE PERSONAL
Nombre de persona Testas, Jean
9 (RLIN) 24823
700 1# - ENCABEZAMIENTO SECUNDARIO--NOMBRE PERSONAL
Nombre de persona Durand, Micheline
Término indicativo de función col.
9 (RLIN) 11077
700 1# - ENCABEZAMIENTO SECUNDARIO--NOMBRE PERSONAL
Nombre de persona García-Pelayo y Gross, Fernando
Término indicativo de función col.
9 (RLIN) 13023
700 1# - ENCABEZAMIENTO SECUNDARIO--NOMBRE PERSONAL
Nombre de persona Vidal, Jean-Paul
Término indicativo de función col.
9 (RLIN) 25812
775 0# - ENTRADA DE OTRA EDICIÓN
Título Gran diccionario Larousse español-frances, français-espagnol
Número de control del registro relacionado (ES-MaCES)928
902 ## - CES. TIPO DE DOCUMENTO
Tipodoc (006$c Sirtex) LIB Libro
942 ## - ELEMENTOS KOHA
Fuente de clasificaión o esquema Clasificación propia del CES
Koha [por defecto] tipo de item Monografías
Parte de clasificación 9.3.
Existencias
Número de registro Tipo de item de Koha
029727 Monografías
© CES, Consejo Económico y Social de España 2021